000 00569nam a2200229Ia 4500
003 OSt
005 20220924132944.0
006 a|||||r|||| 00| 0
007 ta
008 220923b |||||||| |||| 00| 0 tam d
024 _a254482
037 _cTextual
040 _aARTS
_cARTS
_btam
041 _2tam
_atam
082 _aO31,1A:g, N4
100 _aSivaraj Au.
_9205360
245 0 _aSanga elakyatil olaviyal
260 _c1994
650 _aTAMIL LITERATURE
942 _hO31,1A:g, N4
_cTEXL
_2CC
999 _c432140
_d432140